000 00745 a2200205 4500
001 62734
005 20260407155921.0
008 260407a1984 arg spa d
003 AR-UNSa-BCEJYS
040 _aAR-UNSa-BCEJYS
_bspa
_cAR-UNSa-BCEJYS
080 _a35.08
_xPersonal administrativo. Funcionarios. plantilla. función pública. Teoría, organización
245 1 0 _aTécnicas psicosociales en la administración pública
_pSu aplicación a la selección de personal
020 _a978-84-7351-179-7
264 1 _aMadrid :
_bInstituto Nacional de Administración Pública (INAP)
_c1984
300 _a238 p.
_c19 cm.
041 _aspa
942 _cBK
590 _aniveau_biblio:m niveau_hierar:0
100 1 _aAoiz Iriarte, María Rosario
999 _c7776
_d7776